00713cam a22002411 4500001001300000003000400013005001700017008004100034010001700075035002000092040002100112042001200133050002500145100002700170245006300197260003800260300002300298500005200321504003100373600003500404650001500439999001700454sa 66001098 DLC20260227112219.0900127s1965 ii b 000 0 eng  asa 66001098  a(OCoLC)20964500 aDLCcKUdKUdDLC apremarc00aHB125.N35bG35 1965a1 aGanguli, Birendranath.10aDadabhai Naoroji and the drain theory,c[by] B.N. Ganguli. aBombay,bAsia Pub. House,c[1965] aix, 152 p.c19 cm. a"Dadabhai Naoroji memorial prize fund lecture." aBibliographical footnotes.10aNaoroji, Dadabhai,d1825-1917. 0aEconomics. c67593d67593